000
00259nam a22001217a 4500
003
SGT
082
_a
006.31,VAP
100
_a
VAPNIK, VLADIMIR
245
_a
STATISTICAL LEARNING THEORY
260
_b
WILEY INDIA
_c
2011
300
_a
730
942
_2
ddc
_c
GF BOOKS
999
_c
34424
_d
34424